| 000 | 00531nam a22001817a 4500 | ||
|---|---|---|---|
| 005 | 20240909085520.0 | ||
| 008 | 240909b |||||||| |||| 00| 0 eng d | ||
| 020 | _a9780409078886 | ||
| 041 | _aEnglish | ||
| 082 | _a343.4 CON | ||
| 100 | _lEnglish | ||
| 245 |
_aLexisNexis Concise Guide to Tax in Namibia / _cD Clegg |
||
| 250 | _aNinth Edition | ||
| 260 |
_aDurban: _bLexisNexis (Pty) Ltd, _c2016 |
||
| 300 |
_bxvi, 211 pages; _c22 cm. |
||
| 650 |
_aLegal practice _bLaw |
||
| 942 |
_cBK _6ALISON_BN_VRIES |
||
| 999 |
_c3023 _d3023 |
||